|
|
|
|
| LEADER |
01003nam a2200217 u 4500 |
| 001 |
10052264 |
| 003 |
GR-PaULI |
| 005 |
20220322081403.0 |
| 008 |
881025s2014 gr p gre |
| 952 |
|
|
|0 0
|1 0
|2 ddc
|4 0
|6 889_140000000000000_ΓΚΥ
|7 0
|9 358134
|a LISP
|b LISP
|c DON
|d 2022-03-22
|e ΠΑΤ
|i 256001
|l 0
|o 889.14 ΓΚΥ
|p 025000291648
|r 2022-03-22 00:00:00
|t 1
|w 2022-03-22
|y BKN
|
| 952 |
|
|
|0 0
|1 0
|2 ddc
|4 0
|6 889_140000000000000_ΓΚΥ
|7 0
|9 362170
|a LISP
|b LISP
|c DON
|d 2022-07-05
|e ΠΑΤ
|i 149715
|l 0
|o 889.14 ΓΚΥ
|p 025000276649
|r 2022-07-05 00:00:00
|t 2
|w 2022-07-05
|y BKN
|
| 999 |
|
|
|c 209436
|d 209436
|
| 020 |
|
|
|a 9789605761240
|
| 040 |
|
|
|a GR-PaULI
|c GR-PaULI
|b gre
|e AACR2
|
| 082 |
0 |
4 |
|a 889.14
|2 23
|
| 100 |
1 |
|
|a Γκυ, Δάφνη - Μαρία,
|9 189686
|d 1964-
|e συγργαφέας.
|
| 245 |
1 |
2 |
|a Ο κήπος και η άσφαλτος /
|b
|c Δάφνη Μαρία Γκυ.
|
| 260 |
|
|
|a Αθήνα :
|b Γαβριηλίδης,
|c 2014.
|
| 300 |
|
|
|a 118 σ. ;
|b
|c 25 εκ.
|
| 942 |
|
|
|2 ddc
|c BKN
|
| 998 |
|
|
|c ΜΠΟΥΡΑΣ
|d 2022-03
|